000 00411nam a2200145 a 4500
001 000039586
005 20201002033632.0
008 130708s19uu dr 000 0 spa d
040 _aDO-SdBNP
_bspa
_cBNPHU
082 _axxx
100 1 _aLuna, Vicente,
_d1952-
_965750
245 1 0 _aHistoria de la medicina en Cotui /
_cVicente Luna.
260 _a[Santo Domingo] :
_b[s.n.],
_c[19uu].
300 _a79 p. ;
_c21 cm.
999 _c39076
_d39076